| 000 | 00505nam a22001695i 4500 | ||
|---|---|---|---|
| 001 | 48480 | ||
| 003 | ES-MaACL | ||
| 005 | 20230906161746.0 | ||
| 007 | t| | ||
| 008 | 950720s1821 fr ||||1| fre d | ||
| 040 |
_aCAM _bspa _cCAM |
||
| 100 | 1 |
_aDelambre, Jean-Baptiste-Joseph. _943307 |
|
| 245 | 1 | 0 |
_aHistoire de l'astronomie moderne / _cpar M. Delambre. |
| 260 |
_aParis : _bMme Ve. Courcier, _c1821 ( _fde l'imprimerie de Huzard-Courcier) |
||
| 300 |
_a2 v. ; _c26 cm. |
||
| 852 |
_aES-MaACL _jF-4005-6 |
||
| 999 |
_c48480 _d48480 |
||